000 00341nam a2200133Ia 4500
005 20251222144817.0
008 251222s9999||||xx |||||||||||||| ||spa||
020 _a9786124609626
082 _a721.028.8/P28
245 0 _aProyectos PerĂº 1990 - 2011
250 _a1ra.ed.
264 _bPrograma de Cooperacion Hispano Peruano
942 _cLIB
999 _c20326
_d20326